| 000 | 00782nam a2200253 i 4500 | ||
|---|---|---|---|
| 001 | 15206 | ||
| 003 | ES-MaACL | ||
| 005 | 20260209164646.0 | ||
| 007 | t| | ||
| 008 | 000118s1998 sp ||||1| spa d | ||
| 020 | _a84-7290-102-5 | ||
| 080 | _a32(6) | ||
| 080 | _a323.17(6) | ||
| 100 | 1 |
_aBosch, Alfred. _930634 |
|
| 245 | 1 | 3 |
_aLa vía africana _b: viejas identidades, nuevos estados / _cAlfred Bosch. |
| 260 |
_aBarcelona : _bBellaterra, _c[1998] |
||
| 300 |
_a158 p. ; _c23 cm. |
||
| 490 | 1 |
_aBiblioteca de estudios africanos ; _v4 |
|
| 650 | 1 | 4 |
_aNacionalismo- _zÁfrica _915439 |
| 651 | 4 |
_aÁfrica- _xPolítica y gobierno _97597 |
|
| 830 | 0 | 0 |
_aBiblioteca de estudios africanos _v4 _9179730 |
| 852 |
_aES-MaACL _jL-22361 _bR.127774 |
||
| 999 |
_c15206 _d15206 |
||